000 00791nam a2200229 a 4500
999 _c664
_d664
001 664
003 BD-JhCC
005 20171010191547.0
008 171008s2000 bg |||| |||| 00| 0 ben d
020 _a9844015804
035 _a(BD-JhCC)664
040 _aBD-JhCC
_dBD-JhCC
041 _aben
082 _a891.4409
_bMOK 2000
100 _aমোকাম্মেল, তানভীর
245 _aসৈয়দ ওয়ালীউল্লাহ্, সিসিফাস ও উপন্যাসে ঐতিহ্যজিজ্ঞাসা /
_cতানভীর মোকাম্মেল
260 _aঢাকাঃ
_bআগামী প্রকাশনী,
_c2000
300 _a103 p. :
_c21 cm.
650 _aBengali Literature
942 _2ddc
_cBK